Yoruba : (Record no. 123029)
[ view plain ]
| 000 -LEADER | |
|---|---|
| fixed length control field | 01253cam a22003618a 4500 |
| 001 - CONTROL NUMBER | |
| control field | 825759 |
| 005 - DATE AND TIME OF LATEST TRANSACTION | |
| control field | 20150722120002.0 |
| 008 - FIXED-LENGTH DATA ELEMENTS--GENERAL INFORMATION | |
| fixed length control field | 900405s1989 nyuab b 000 0 eng |
| 010 ## - LIBRARY OF CONGRESS CONTROL NUMBER | |
| LC control number | 89022182 |
| 020 ## - INTERNATIONAL STANDARD BOOK NUMBER | |
| International Standard Book Number | 0810917947 : |
| Terms of availability | $68.00 |
| 035 ## - SYSTEM CONTROL NUMBER | |
| System control number | (OCoLC)20217600 |
| 035 ## - SYSTEM CONTROL NUMBER | |
| System control number | (OCoLC)ocm20217600 |
| 035 ## - SYSTEM CONTROL NUMBER | |
| System control number | (CStRLIN)NYCG90-B22363 |
| 035 ## - SYSTEM CONTROL NUMBER | |
| System control number | (NNC)825759 |
| 040 ## - CATALOGING SOURCE | |
| Modifying agency | CSt |
| 043 ## - GEOGRAPHIC AREA CODE | |
| Geographic area code | f-nr--- |
| 050 0# - LIBRARY OF CONGRESS CALL NUMBER | |
| Classification number | L NX 589.6.N5 Y65 |
| 082 0# - DEWEY DECIMAL CLASSIFICATION NUMBER | |
| Classification number | 730/.089/96333 |
| Edition number | 20 |
| 090 ## - LOCALLY ASSIGNED LC-TYPE CALL NUMBER (OCLC); LOCAL CALL NUMBER (OCLC) | |
| Classification number (OCLC) (R) ; Classification number, CALL (RLIN) (NR) | N7399.N52 |
| Local cutter number (OCLC) ; Book number/undivided call number, CALL (RLIN) | Y68 1989 |
| 100 1# - MAIN ENTRY--PERSONAL NAME | |
| Personal name | Drewal, Henry John. |
| 9 (RLIN) | 18494 |
| 245 10 - TITLE STATEMENT | |
| Title | Yoruba : |
| Remainder of title | nine centuries of African art and thought / |
| Statement of responsibility, etc | Henry John Drewal and John Pemberton, 3rd with Rowland Abiodun ; edited by Allen Wardwell. |
| 260 ## - PUBLICATION, DISTRIBUTION, ETC. (IMPRINT) | |
| Place of publication, distribution, etc | New York : |
| Name of publisher, distributor, etc | Center for African Art in Association with H.N. Abrams, |
| Date of publication, distribution, etc | c1989. |
| 300 ## - PHYSICAL DESCRIPTION | |
| Extent | 256 p. : |
| Other physical details | ill. (some col.), maps ; |
| Dimensions | 31 cm. |
| 504 ## - BIBLIOGRAPHY, ETC. NOTE | |
| Bibliography, etc | Includes bibliographical references (p. 250-254). |
| 650 #0 - SUBJECT ADDED ENTRY--TOPICAL TERM | |
| Topical term or geographic name as entry element | Art, Yoruba. |
| 9 (RLIN) | 18495 |
| 650 #0 - SUBJECT ADDED ENTRY--TOPICAL TERM | |
| Topical term or geographic name as entry element | Art and religion |
| Geographic subdivision | Nigeria. |
| 9 (RLIN) | 18496 |
| 650 #0 - SUBJECT ADDED ENTRY--TOPICAL TERM | |
| Topical term or geographic name as entry element | Yoruba (African people) |
| General subdivision | Religion. |
| 9 (RLIN) | 18497 |
| 700 1# - ADDED ENTRY--PERSONAL NAME | |
| Personal name | Pemberton, John, |
| Dates associated with a name | 1928- |
| 9 (RLIN) | 18498 |
| 700 1# - ADDED ENTRY--PERSONAL NAME | |
| Personal name | Abiodun, Rowland. |
| 9 (RLIN) | 18499 |
| 700 1# - ADDED ENTRY--PERSONAL NAME | |
| Personal name | Wardwell, Allen. |
| 9 (RLIN) | 18500 |
| 942 ## - ADDED ENTRY ELEMENTS (KOHA) | |
| Source of classification or shelving scheme | Library of Congress Classification |
| Item type | Monograph ( Printed materials) |
| Withdrawn status | Lost status | Source of classification or shelving scheme | Damaged status | Not for loan | Collection code | Home library | Current library | Shelving location | Date acquired | Total Checkouts | Full call number | Barcode | Date last seen | Price effective from | Koha item type |
|---|---|---|---|---|---|---|---|---|---|---|---|---|---|---|---|
| Library of Congress Classification | Main Collection | ARRUPE LIBRARY | ARRUPE LIBRARY | Main Collection | 22/07/2015 | L NX 589.6.N5 Y65 | 46500004422 | 22/07/2015 | 22/07/2015 | Monograph ( Printed materials) |